عرض عادي
عرض مارك
- International Conference on Cryptology and Network Security
مدخل إسم مؤتمر
001 - رقم الضبط
- حقل الضبط: 39737
003 - معرف رقم الضبط
- حقل الضبط: OSt
005 - تاريخ ووقت أخر عملية
- حقل الضبط: 20131114162056.0
008 - عناصر بيانات ثابتة الطول
- حقل تحكم ثابت الطول: 131114|||a|||||| | ||| d
040 ## - مصدر الفهرسة
- هيئة الفهرسة الأصلية: OSt
- وكالة الكتابة: OSt
111 ## - مدخل -- اسم مؤتمر
- اسم الملتقي او اسم السلطه كعنصر مدخل: International Conference on Cryptology and Network Security
- رقم الجزء / القسم/ الملتقي: (5th :
- تاريخ المؤتمر: 2006 :
- مكان الملتقي: Suzhou, China)
670 ## - بيانات المصدر موجوده
- الاستشهاد بالمصدر: Work cat.: (OSt)0: International Conference on Cryptology and Network Security (5th : 2006 : Suzhou, China), Cryptology and network security :, c2006.
